[Event "AUTO-MASTER-1790"]
[Site "http://www.queenalice.com/game.php?id=1134696"]
[Date "2012.12.27"]
[Round "1"]
[White "MarceloPadre"]
[Black "moe78"]
[Result "1-0"]
[WhiteElo "2048"]
[BlackElo "2217"]

1. d4 Nf6 2. c4 e6 3. Nc3 Bb4 4. Nf3 c5 5. e3 Nc6 6. Bd3 O-O 7. O-O Bxc3 8. bxc3
d6 9. Ba3 Qe7 10. e4 b6 11. Re1 Na5 12. e5 dxe5 13. Nxe5 Bb7 14. Qc2 Nc6 15. f4
g6 16. Re3 Nxe5 17. fxe5 Ng4 18. Rg3 h5 19. Bxg6 Qg5 20. Be4 Bxe4 21. Qxe4 Qh4
22. Rh3 Qf2+ 23. Kh1 f5 24. Qc6 Rfe8 25. Rxh5 Qe3 26. Qf3 Nf2+ 27. Kg1 Ng4+ 28.
Qxe3 Nxe3 29. Rb1 Nxc4 30. Bc1 cxd4 31. cxd4 Rad8 32. Rh4 Rd5 33. Bg5 Na3 34.
Rc1 Nb5 35. Bf6 Rf8 36. a4 Rxf6 37. exf6 Nxd4 38. Rc7 1-0

[Event "AUTO-MASTER-1790"]
[Site "http://www.queenalice.com/game.php?id=1134697"]
[Date "2012.12.27"]
[Round "1"]
[White "moe78"]
[Black "MarceloPadre"]
[Result "1-0"]
[WhiteElo "2200"]
[BlackElo "2065"]

1. c4 c5 2. Nc3 Nc6 3. Nf3 Nf6 4. g3 g6 5. Bg2 Bg7 6. O-O O-O 7. d4 cxd4 8. Nxd4
a6 9. e4 d6 10. Be3 Bd7 11. Nc2 Be6 12. b3 Rc8 13. Rc1 Ng4 14. Nd5 Nxe3 15.
Ncxe3 Re8 16. f4 f5 17. h3 Bd4 18. Kh2 Bf7 19. Qd2 e6 20. Nc3 Qf6 21. exf5 gxf5
22. g4 Bg6 23. gxf5 Bxf5 24. Nxf5 exf5 25. Rf3 Kh8 26. Nd5 Qf7 27. Rd3 Bg7 28.
Ne3 Rcd8 29. Rd5 Qe6 30. Nxf5 Bf6 31. Bf3 Be7 32. Bg4 Qf6 33. Ng3 Bf8 34. Nh5
Qg6 35. Rg5 Qh6 36. Qc3+ Ne5 37. h4 Be7 38. Rxe5 dxe5 39. Qxe5+ Bf6 40. Qxf6+
Qxf6 41. Nxf6 Rd2+ 42. Kg3 Re3+ 43. Bf3 Rxa2 44. Kg4 Kg7 45. Nd7 Rxb3 46. Re1
Raa3 47. Re7+ Kh6 48. Nf8 1-0

[Event "Let's Play Chess!"]
[Site "http://www.queenalice.com/game.php?id=1175098"]
[Date "2013.4.26"]
[Round "-"]
[White "moe78"]
[Black "Barbaforcuta"]
[Result "1-0"]
[WhiteElo "2208"]
[BlackElo "1923"]

1. e4 e5 2. Nf3 Nc6 3. Bb5 d6 4. d4 Bd7 5. Nc3 exd4 6. Nxd4 Nf6 7. Bxc6 bxc6 8.
Qf3 Be7 9. O-O O-O 10. b3 Ng4 11. Nxc6 Bxc6 12. Qxg4 Bf6 13. Bb2 h6 14. Rad1 Bd7
15. Qg3 Qe7 16. Nd5 1-0

[Event "AUTO-OPEN-2977"]
[Site "http://www.queenalice.com/game.php?id=1175756"]
[Date "2013.4.27"]
[Round "1"]
[White "moe78"]
[Black "miltonlovisk"]
[Result "1-0"]
[WhiteElo "2215"]
[BlackElo "1955"]

1. e4 e5 2. Nf3 Qf6 3. Nc3 c6 4. d4 exd4 5. e5 Qe7 6. Qxd4 d5 7. Be3 Bf5 8.
O-O-O h6 9. Qf4 Bg6 10. Bb5 Qb4 11. Nxd5 Qxf4 12. Nc7+ Ke7 13. Bxf4 cxb5 14. Nd4
a6 15. Nxa8 Nc6 16. Nc7 f6 17. Nxc6+ bxc6 18. e6 f5 19. Bd6+ Kf6 20. Bxf8 Ne7
21. Bxe7+ Kxe7 22. Rd7+ Kf6 23. Rhd1 Be8 24. Rd8 1-0

[Event "AUTO-OPEN-2977"]
[Site "http://www.queenalice.com/game.php?id=1175757"]
[Date "2013.4.27"]
[Round "1"]
[White "miltonlovisk"]
[Black "moe78"]
[Result "0-1"]
[WhiteElo "1947"]
[BlackElo "2219"]

1. e4 c5 2. Nf3 d6 3. d4 cxd4 4. Nxd4 Nf6 5. Nc3 a6 6. a3 e5 7. Nde2 Be7 8. Ng3
Nc6 9. Bg5 Be6 10. Bxf6 Bxf6 11. Bd3 O-O 12. O-O g6 13. f4 exf4 14. Rxf4 Qb6+
15. Kh1 Be5 16. Rf1 Qxb2 17. Nce2 Qxa1 18. Qxa1 Bxa1 19. Rxa1 Ne5 20. Rb1 b5 21.
Kg1 Rac8 22. Nd4 Rc3 23. Ra1 Rfc8 24. Nge2 R3c5 25. Nxe6 fxe6 26. Nf4 Nxd3 27.
cxd3 Rc1+ 28. Rxc1 Rxc1+ 29. Kf2 Kf7 0-1

[Event "AUTO-OPEN-2977"]
[Site "http://www.queenalice.com/game.php?id=1175758"]
[Date "2013.4.27"]
[Round "1"]
[White "moe78"]
[Black "yclaudiu35"]
[Result "1-0"]
[WhiteElo "2211"]
[BlackElo "1949"]

1. d4 d5 2. c4 dxc4 3. Nf3 Bd7 4. e3 b5 5. Ne5 a5 6. Qf3 f6 7. Qh5+ g6 8. Nxg6
Bg4 9. Qxg4 hxg6 10. Qxg6+ Kd7 11. Qf5+ e6 12. Qxb5+ Nc6 13. d5 exd5 14. Qxd5+
Bd6 15. Bxc4 Qe7 16. Bb5 1-0

[Event "AUTO-OPEN-2977"]
[Site "http://www.queenalice.com/game.php?id=1175759"]
[Date "2013.4.27"]
[Round "1"]
[White "yclaudiu35"]
[Black "moe78"]
[Result "0-1"]
[WhiteElo "1934"]
[BlackElo "2223"]

1. e4 e6 2. Nf3 c5 3. a3 a6 4. Bc4 b5 5. Ba2 Bb7 6. d3 Qc7 7. O-O Nf6 8. Be3 Be7
9. Nbd2 Ng4 10. h3 Nxe3 11. fxe3 Nc6 12. d4 d6 13. d5 Nd8 14. c4 O-O 15. Qe2 Bf6
16. Rab1 b4 17. Nh2 a5 18. Qg4 Qe7 19. a4 Bc8 20. Qf3 Nb7 21. Bb3 Bd7 22. Ng4
Bg5 23. Bc2 Rae8 24. g3 exd5 25. h4 Bxg4 26. Qxg4 Bxe3+ 27. Rf2 Bxf2+ 28. Kxf2
f5 29. Qg5 fxe4+ 30. Ke2 Qxg5 31. hxg5 e3 32. Nf3 dxc4 33. Rh1 g6 34. Rh4 Rxf3
35. Kxf3 e2 0-1

[Event "Challenge"]
[Site "http://www.queenalice.com/game.php?id=1199698"]
[Date "2013.7.13"]
[Round "-"]
[White "Poluco"]
[Black "moe78"]
[Result "0-1"]
[WhiteElo "2084"]
[BlackElo "2240"]

1. d4 Nf6 2. c4 g6 3. Nc3 d5 4. cxd5 Nxd5 5. e4 Nxc3 6. bxc3 Bg7 7. Be2 c5 8.
Be3 Nc6 9. Bb5 O-O 10. Ne2 Qa5 11. Qa4 Qxa4 12. Bxa4 cxd4 13. cxd4 Bd7 14. Rb1
b6 15. f3 Rfd8 16. d5 Ne5 17. Bxd7 Rxd7 18. O-O Nc4 0-1

[Event "AUTO-OPEN-2977"]
[Site "http://www.queenalice.com/game.php?id=1212408"]
[Date "2013.8.28"]
[Round "2"]
[White "MASTROIANNI"]
[Black "moe78"]
[Result "0-1"]
[WhiteElo "1477"]
[BlackElo "2236"]

1. d4 Nf6 2. c4 e6 3. f4 d5 4. c5 c6 5. e3 a5 6. Bd2 Nbd7 7. Bd3 b6 8. Qc2 bxc5
9. dxc5 Nxc5 10. Nf3 Qb6 11. Ne5 Nxd3+ 12. Nxd3 Ba6 13. Nc3 Bxd3 14. Qxd3 Be7
15. O-O O-O 16. b3 Nd7 17. Rf3 Nc5 18. Qc2 Bf6 19. Rh3 g6 20. Rf1 a4 21. b4 Nb7
0-1

[Event "AUTO-OPEN-2977"]
[Site "http://www.queenalice.com/game.php?id=1212409"]
[Date "2013.8.28"]
[Round "2"]
[White "moe78"]
[Black "MASTROIANNI"]
[Result "1-0"]
[WhiteElo "2237"]
[BlackElo "1475"]

1. Nf3 d5 2. d4 f5 3. g3 Nf6 4. Bg2 b5 5. c3 e6 6. a4 b4 7. Nbd2 c5 8. Ne5 Bd6
9. f4 Na6 10. c4 Rb8 11. Nc6 Qb6 12. Nxb8 Bxb8 13. Nf3 dxc4 14. a5 Qd6 15. O-O
cxd4 16. Qxd4 Nd5 17. Qxg7 Qf8 18. Qg5 Rg8 19. Qh5+ Qf7 20. Qxf7+ Kxf7 21. Ng5+
1-0

[Event "Challenge"]
[Site "http://www.queenalice.com/game.php?id=1214999"]
[Date "2013.9.7"]
[Round "-"]
[White "moe78"]
[Black "tucot"]
[Result "1/2-1/2"]
[WhiteElo "2237"]
[BlackElo "2332"]

1. d4 Nf6 2. c4 e6 3. Nc3 Bb4 4. e3 c5 5. Bd3 O-O 6. Nf3 d5 7. O-O Nc6 8. cxd5
exd5 9. dxc5 Bg4 10. Na4 Qe7 11. Be2 Rad8 12. a3 Bxc5 13. Nxc5 Qxc5 14. b4 Qe7
15. Bb2 Rfe8 16. b5 Na5 1/2-1/2

[Event "AUTO-MASTER-1790"]
[Site "http://www.queenalice.com/game.php?id=1225782"]
[Date "2013.10.19"]
[Round "2"]
[White "atom"]
[Black "moe78"]
[Result "1-0"]
[WhiteElo "2272"]
[BlackElo "2208"]

1. b4 c6 2. c4 e5 3. b5 d5 4. cxd5 cxd5 5. Bb2 f6 6. g3 Bd6 7. Bg2 Be6 8. Nf3
Ne7 9. O-O O-O 10. d3 Nd7 11. Nc3 Nb6 12. a4 d4 13. Ne4 Nbd5 14. Nxd6 Qxd6 15.
Nd2 Qd7 16. Nc4 Rac8 17. Qd2 Rc7 18. Rac1 Rfc8 19. e3 dxe3 20. fxe3 Ng6 21. Na5
Bh3 22. Rxc7 Rxc7 23. Bxh3 Qxh3 24. Rc1 Rf7 25. Nc4 h5 26. Qg2 Qe6 27. Qf3 f5
28. Qxh5 f4 29. Nxe5 Nxe5 30. Qxe5 Qxe5 31. Bxe5 fxe3 32. Rf1 Rxf1+ 33. Kxf1 Kf7
34. Bd4 Nb4 35. Ke2 Nd5 36. Bxa7 Nc3+ 37. Kxe3 Nxa4 38. d4 Ke6 39. Bb8 Kd5 40.
Be5 g6 41. h4 Ke6 42. Kf4 b6 43. Kg5 Kf7 44. Bc7 Nc3 45. Bxb6 Ne4+ 46. Kf4 Nf6
47. Bc5 1-0

[Event "AUTO-MASTER-1790"]
[Site "http://www.queenalice.com/game.php?id=1225783"]
[Date "2013.10.19"]
[Round "2"]
[White "moe78"]
[Black "atom"]
[Result "1/2-1/2"]
[WhiteElo "2206"]
[BlackElo "2269"]

1. e4 d6 2. d4 g6 3. Nc3 c6 4. f4 d5 5. Nf3 dxe4 6. Nxe4 Bg7 7. Bc4 Nh6 8. c3
Nd7 9. O-O O-O 10. a4 Nb6 11. Bd3 Nd5 12. Qe2 e6 13. Bd2 b6 14. a5 b5 15. Nc5
Ng4 16. h3 Ngf6 17. Ne5 Qc7 18. b4 Nd7 19. Ne4 f5 20. Ng5 Nxe5 21. dxe5 Bh6 22.
h4 a6 23. c4 bxc4 24. Bxc4 Bxg5 25. hxg5 Bb7 26. Bxd5 cxd5 27. Rac1 Qd7 28. Be3
Rac8 29. Bc5 Rfe8 30. Qe3 Bc6 31. Qd4 Bb5 32. Rf3 Be2 33. Rh3 Qb5 34. Kf2 Bg4
35. Rhc3 Rc6 36. Bd6 Rxc3 37. Rxc3 Qe2+ 38. Kg1 Qe1+ 39. Kh2 Qh4+ 40. Kg1 Qe1+
41. Kh2 Qh4+ 1/2-1/2

[Event "AUTO-MASTER-1790"]
[Site "http://www.queenalice.com/game.php?id=1225786"]
[Date "2013.10.19"]
[Round "2"]
[White "moe78"]
[Black "bonow"]
[Result "0-1"]
[WhiteElo "2238"]
[BlackElo "2057"]

1. d4 d5 2. c4 Nf6 3. cxd5 Nxd5 4. e4 Nf6 5. Nc3 Nc6 6. Bb5 e6 7. d5 exd5 8.
exd5 a6 9. Bxc6+ bxc6 10. Qa4 Be7 11. dxc6 O-O 12. Nge2 Rb8 13. O-O Rb4 14. Qc2
g6 15. Ng3 Qd6 16. Nce4 Nxe4 17. Nxe4 Qd5 18. Nc3 Qxc6 19. Bh6 Re8 20. Rac1 Bb7
21. f3 g5 22. a3 Rh4 23. Rfe1 Qxh6 0-1

[Event "AUTO-MASTER-1790"]
[Site "http://www.queenalice.com/game.php?id=1225787"]
[Date "2013.10.19"]
[Round "2"]
[White "bonow"]
[Black "moe78"]
[Result "1-0"]
[WhiteElo "2145"]
[BlackElo "2220"]

1. e4 e5 2. Nf3 Nc6 3. d4 exd4 4. Nxd4 Bc5 5. Nb3 Bb6 6. a4 a6 7. Nc3 d6 8. Nd5
Ba7 9. Be2 Nge7 10. O-O Be6 11. Bg5 f6 12. Bh5+ Bf7 13. Bxf7+ Kxf7 14. Be3 Re8
15. Bxa7 Nxa7 16. Nxe7 Qxe7 17. Qd5+ Kg6 18. Nd2 Nc6 19. f4 h5 20. Qf5+ Kh6 21.
Qd5 Nb4 22. Qb3 a5 23. c3 Na6 24. Qxb7 Nc5 25. Qc6 Nxe4 26. Nxe4 Qxe4 27. Qxc7
Qe3+ 28. Kh1 Qd2 29. Rad1 Qxb2 30. Qf7 Qe2 31. f5 Qg4 32. Rd4 Qg5 33. g3 Re5 34.
Rdf4 Rae8 35. Qd7 d5 36. Qb5 d4 37. Qd3 Re3 38. Qxd4 Re1 39. Rxe1 Rxe1+ 40. Kg2
Kh7 41. h4 Qh6 42. Qa7 Re5 43. c4 Kg8 44. c5 Qh7 45. Qb8+ Kf7 46. c6 Rxf5 47.
Qb7+ 1-0

[Event "AUTO-OPEN-2977"]
[Site "http://www.queenalice.com/game.php?id=1258626"]
[Date "2014.2.21"]
[Round "3"]
[White "moe78"]
[Black "fontaine"]
[Result "0-1"]
[WhiteElo "2198"]
[BlackElo "2725"]

1. d4 d5 2. c4 c6 3. Nf3 Nf6 4. Nc3 e6 5. e3 Nbd7 6. Bd3 dxc4 7. Bxc4 b5 8. Bd3
a6 9. e4 c5 10. d5 c4 11. dxe6 fxe6 12. Bc2 Qc7 13. O-O Bb7 14. Ne2 e5 15. Ng3
Bc5 16. b3 c3 17. a3 h6 18. b4 Ba7 19. Nf5 O-O 20. N3h4 Nb6 21. Qf3 Kh7 22. Qg3
Bc8 23. Nxh6 gxh6 24. Qg6+ Kh8 25. Qxh6+ Kg8 26. Nf5 Bxf5 27. Qg5+ Bg6 28. Qxg6+
Qg7 29. Qf5 Nc4 30. Bb3 Ng4 31. Bxc4+ bxc4 32. Qe6+ Kh7 33. Be3 Nxe3 34. fxe3
Bxe3+ 35. Kh1 Rxf1+ 36. Rxf1 Rf8 37. Qh3+ Bh6 38. Rxf8 Qxf8 39. Qd7+ Kh8 0-1

[Event "AUTO-OPEN-2977"]
[Site "http://www.queenalice.com/game.php?id=1258627"]
[Date "2014.2.21"]
[Round "3"]
[White "fontaine"]
[Black "moe78"]
[Result "1-0"]
[WhiteElo "2685"]
[BlackElo "2221"]

1. e4 e5 2. Nf3 Nc6 3. d4 exd4 4. Bc4 Nf6 5. e5 d5 6. Bb5 Ne4 7. Nxd4 Bd7 8.
Bxc6 bxc6 9. O-O Be7 10. f3 Nc5 11. f4 Ne4 12. Nd2 Nxd2 13. Qxd2 c5 14. Ne2 d4
15. f5 O-O 16. Ng3 Bc6 17. f6 gxf6 18. Qh6 Qd5 19. Rf3 Kh8 20. Nf5 Rg8 21. Qxh7+
Kxh7 22. Rh3+ Kg6 23. Nxe7+ Kg7 24. Bh6+ 1-0

[Event "Let's Play Chess!"]
[Site "http://www.queenalice.com/game.php?id=1322186"]
[Date "2014.11.14"]
[Round "-"]
[White "moe78"]
[Black "igorjava"]
[Result "1-0"]
[WhiteElo "2197"]
[BlackElo "1924"]

1. d4 e6 2. c4 c6 3. Nc3 d5 4. e3 Nf6 5. Nf3 a6 6. Qc2 Be7 7. b3 b5 8. Bd3 O-O
9. O-O Bb7 10. c5 Nbd7 11. Ng5 h6 12. Nh7 Nxh7 13. Bxh7+ Kh8 14. Bd3 f6 15. f4
a5 16. Bd2 e5 17. fxe5 fxe5 18. Nxd5 cxd5 19. Bxb5 exd4 20. exd4 Nf6 21. Qg6 Qc7
22. Bf4 Qc8 23. Rae1 Bd8 24. Bd6 Bc7 25. Re7 Bxd6 26. Qxg7# 1-0

[Event "Let's Play Chess!"]
[Site "http://www.queenalice.com/game.php?id=1465153"]
[Date "2017.2.18"]
[Round "-"]
[White "moe78"]
[Black "ulisses34"]
[Result "1-0"]
[WhiteElo "2201"]
[BlackElo "1739"]

1. e4 d6 2. d4 Nf6 3. Nc3 Bd7 4. e5 dxe5 5. dxe5 Ng4 6. Nf3 Nc6 7. Bf4 e6 8. h3
Nh6 9. Qd2 Nf5 10. O-O-O Bc5 11. Ne4 Bb6 12. Bg5 Nfe7 13. Bf6 gxf6 14. Nxf6+ Kf8
15. Qh6# 1-0